Fiscal decentralization reforms the impact on the efficiency of local governments in Central and Eastern Europe

Bibliographic Details
Main Authors: Plaček, Michal (Author), Ochrana, František, 1952- (Author), Půček, Milan, 1968- (Author), Nemec, Juraj, 1960- (Author)
Format: Book
Language:English
PhysicalDescription:209 strán grafy, tabuľky 24 cm
Published: Cham Springer [2020]
ISBN:9783030467579
Series:Public Administration, Governance and Globalization
Subjects:

MARC

LEADER 00000nam a2200000 4500
001 vtls012065339
003 SK-MaSNL
005 20260301191050.0
008 210812s2020 sz da frn 000 0 eng
015 |a SNBZSA2023/08 
020 |a 9783030467579  |q (viazané) 
040 |a SNK  |b slo  |c SNK  |e rda 
041 0 |a eng 
043 |a e------ 
044 |a sz  |c CH 
072 7 |a 35  |x Verejná správa  |2 konspekt 
080 |a 338.244.47  |2 2001 
080 |a 35  |2 2011 
080 |a 336.1/.5  |2 2011 
080 |a (4)  |2 2011 
080 |a (048.8:082)  |2 2011 
080 |a 338.2  |2 2011 
100 1 |a Plaček, Michal  |4 aut  |9 497358 
245 1 0 |a Fiscal decentralization reforms  |b the impact on the efficiency of local governments in Central and Eastern Europe  |c Michael Plaček, František Ochrana, Milan Jan Půček, Juraj Nemec 
264 1 |a Cham  |b Springer  |c [2020] 
264 4 |c ©2020 
300 |a 209 strán  |b grafy, tabuľky  |c 24 cm 
336 |a text  |b txt  |2 rdacontent 
337 |a bez média  |b n  |2 rdamedia 
338 |a zväzok  |b nc  |2 rdacarrier 
490 1 |a Public Administration, Governance and Globalization  |v Volume 19 
504 |a Obsahuje bibliografiu 
650 0 7 |a decentralizácia  |2 SNKPH  |9 4735 
650 0 7 |a verejná správa  |2 SNKPH  |9 1538 
650 0 7 |a verejné financie  |2 SNKPH  |9 2204 
650 0 7 |a hospodárska politika  |2 SNKPH  |9 2279 
650 0 7 |a Decentralization in government  |2 SNKPHeng  |9 327759 
650 0 7 |a Public administration  |2 SNKPHeng  |9 266247 
650 0 7 |a Public finance  |2 SNKPHeng  |9 268280 
650 0 7 |a Economic policy  |2 SNKPHeng  |9 268361 
651 7 |a Európa  |2 SNKPHgeo  |9 167569 
651 7 |a Europe  |2 SNKPHeng  |9 56249 
655 7 |a kolektívne monografie  |2 SNKPH  |9 249850 
655 7 |a Collective monographs  |2 SNKPHeng  |9 125747 
700 1 |a Ochrana, František,  |d 1952-  |4 aut  |9 100057 
700 1 |a Půček, Milan,  |d 1968-  |4 aut  |9 154605 
700 1 |a Nemec, Juraj,  |d 1960-  |4 aut  |9 255133 
830 0 |a Public Administration, Governance and Globalization  |9 567168 
852 |a Slovenská národná knižnica 
919 |a 978-3-030-46757-9 
954 |a odborná, vedecká literatúra pôvodná (slovenská)  |2 lita 
954 |a odborná, vedecká literatúra cudzojazyčná (svetová)  |2 lita 
958 |a NB 
958 |a ZS 
958 |a SP 
999 |c 869799  |d 871729 
952 |a SNK  |b SNK  |y PREZ  |7 0  |p 17A1480336  |o snkSC 196765  |i snk2022/4035  |8 4  |g 114.04  |0 0  |1 0  |4 0  |d 2021-08-12  |l 0  |r 2025-10-16 00:00:00  |w 2026-02-24